000 00233nam a2200097Ia 4500
008 230915s9999 xx 000 0 und d
050 _aSB56 .S53
100 _ashanks I. P.
245 0 _aSCHOOL GARDENING AND AGRICULTURE
942 _cBK
999 _c201658
_d201658